[Event "Ubeda op"]
[Site "Ubeda"]
[Date "1998.01.26"]
[Round "7"]
[White "Agnos, Demetrios"]
[Black "Gonzalez Garcia, Jose"]
[Result "0-1"]
[WhiteElo "2475"]
[BlackElo "2435"]

1.e4 c5 2.Nf3 d6 3.d4 cxd4 4.Nxd4 Nf6 5.Nc3 Nc6 6.Bg5 e6 7.Qd2 Be7 8.O-O-O Nxd4
9.Qxd4 a6 10.Bxf6 gxf6 11.f4 b5 12.Bd3 Qc7 13.Qe3 Bd7 14.Kb1 b4 15.Ne2 a5
16.c3 Rb8 17.c4 Qc5 18.Qg3 h5 19.Qg7 Rf8 20.Rhf1 a4 21.h4 Bc6 22.g4 a3 23.b3 Qe3
24.gxh5 Bxe4 25.Nc1 Qd4 26.Rd2 Qc3 27.Rfd1 f5 28.Qxc3 bxc3 29.Rc2 Rh8 30.Ne2 Rxh5
31.Nxc3 Bxd3 32.Rxd3 Rxh4 33.Nb5 d5 34.Rg2 Rxf4 35.Rg8+ Bf8 36.Nc7+ Ke7 37.cxd5 Rf1+
38.Kc2 Bh6 39.d6+ Kd7 40.Rdg3 Rf2+ 41.Kd3 Rb6  0-1

[Event "AUT-chT3 9798"]
[Site "Vorarlberg "]
[Date "1998.01.30"]
[Round "7"]
[White "Gsteu, Peter"]
[Black "Haemmerle, Albert"]
[Result "1/2-1/2"]
[WhiteElo "1931"]
[BlackElo "1781"]

1.e4 c5 2.Nf3 d6 3.d4 cxd4 4.Nxd4 Nf6 5.Nc3 Nc6 6.Bg5 e6 7.Bc4 Be7 8.O-O O-O
9.Be3 a6 10.a4 Bd7 11.Qe2 Qc7 12.Kh1 Rac8 13.Nxc6 Bxc6 14.Bd3 Rfd8 15.f4 d5
16.exd5 Bxd5 17.Nxd5 Rxd5 18.f5 e5 19.c3 h6 20.Bc2 Rd7 21.Rae1 Bd6 22.Bc1 Qc6
23.Rf3  1/2-1/2

[Event "Masters 14th"]
[Site "Caldas de Felgueira"]
[Date "1998.02.07"]
[Round "1"]
[White "Galego, Luis"]
[Black "Damaso, Rui"]
[Result "1/2-1/2"]
[WhiteElo "2445"]
[BlackElo "2440"]

1.e4 c5 2.Nf3 d6 3.Nc3 Nc6 4.d4 cxd4 5.Nxd4 Nf6 6.Bg5 e6 7.Qd2 a6 8.O-O-O Bd7
9.f3 Be7 10.Kb1 h6 11.Be3 Nxd4 12.Qxd4 b5 13.g4 Rb8 14.e5 dxe5 15.Qxe5 Rc8
16.Be2 Qc7 17.Qxc7 Rxc7 18.Bf4 Rc5 19.a3 Bc6 20.Rhe1 Rxc3 21.bxc3 Nd5 22.Bd2 O-O
23.Bd3 Bxa3 24.Be4 Rc8 25.f4 Be7 26.Bxd5 Bxd5 27.Re3 Bf6 28.Kb2 a5 29.Rg1 g6
30.f5 a4 31.fxg6 fxg6 32.Rd3 b4 33.Kb1 a3 34.Rf1 Bg7 35.Re1 Rc4 36.h3 g5
37.Rd1 bxc3 38.Bc1 Rb4+ 39.Ka1 Be4 40.Bxa3 Ra4 41.Rd8+ Kh7 42.Ka2 Bxc2 43.R1d7 Rf4
44.Bf8 Ra4+ 45.Ba3 Rf4  1/2-1/2

[Event "Budapest FS02 IM"]
[Site "Budapest"]
[Date "1998.02.12"]
[Round "6"]
[White "Karatorossian, David"]
[Black "Gara, Anita"]
[Result "1-0"]
[WhiteElo "2375"]
[BlackElo "2285"]

1.e4 c5 2.Nf3 d6 3.d4 cxd4 4.Nxd4 Nf6 5.Nc3 Nc6 6.Bg5 e6 7.Qd2 a6 8.O-O-O h6
9.Bf4 Bd7 10.Nxc6 Bxc6 11.f3 d5 12.Qe1 Bb4 13.a3 Ba5 14.Bd2 Rc8 15.Kb1 d4
16.e5 Nd7 17.Ne4 Bxe4 18.Qxe4 Bc7 19.f4 Nc5 20.Qf3 Bb6 21.Be3 Na4 22.Qe4 Bc5
23.Bxd4 Qb6 24.Rd3 Rd8 25.Bc3 Rxd3 26.Qxd3 Bxa3 27.Qd4 Nxc3+ 28.Qxc3 Bc5
29.Bd3 O-O 30.Rd1 a5 31.Be4 a4 32.Rd7 Rb8 33.Ka2 Bb4 34.Qd3 a3 35.b3 Bc5
36.g4 Qb4 37.c3 Qb6 38.b4 Bf8 39.Qd4 Qa6 40.Bd3 Qc6 41.Qe4 g6 42.Qxc6 bxc6
43.Bc4 Bg7 44.Kxa3 g5 45.f5 Bxe5 46.Kb3 Re8 47.h3 Kf8 48.fxe6 fxe6 49.Ra7 Re7
50.Ra6 Rc7 51.Bxe6 Ke7 52.Bf5 Bd6 53.Kc4 Be5 54.Be4 Kd7 55.Kd3 Bd6 56.Kd4 Bg3
57.Bf5+ Ke7 58.Kc4 Bf4 59.Be4 Kd7 60.Ra8 Be5 61.Rg8 Ra7 62.Kb3 Ra1 63.Rg6 Re1
64.Bxc6+ Kc7 65.Bd5 Re3 66.Rc6+ Kd7 67.b5 Rxh3 68.Be6+ Ke7 69.Bf5 Bf4 70.b6 h5
71.gxh5 Rxh5 72.c4 Rh8 73.c5 Rb8 74.Kc4 Rg8 75.Rc8 Rxc8 76.Bxc8 Bb8 77.Kb5 Kd8
78.Bg4 Bf4 79.c6 Be5 80.Ka6  1-0

[Event "Budapest FS02 GM"]
[Site "Budapest"]
[Date "1998.02.15"]
[Round "9"]
[White "Fogarasi, Tibor"]
[Black "Czebe, Attila"]
[Result "1/2-1/2"]
[WhiteElo "2440"]
[BlackElo "2475"]

1.e4 c5 2.Nf3 Nc6 3.d4 cxd4 4.Nxd4 Nf6 5.Nc3 d6 6.Bg5 e6 7.Qd2 Be7 8.O-O-O O-O
9.f4 h6 10.Bh4 e5 11.Nf5 Bxf5 12.exf5 exf4 13.Kb1 d5 14.Bxf6 Bxf6 15.Nxd5 Be5
16.Bc4 b5 17.Bb3 Qg5 18.f6  1/2-1/2

[Event "Budapest FS02 IM"]
[Site "Budapest"]
[Date "1998.02.18"]
[Round "12"]
[White "Antal, Gergely"]
[Black "Toth, Andras"]
[Result "0-1"]
[WhiteElo "2220"]
[BlackElo "2325"]

1.e4 c5 2.Nf3 Nc6 3.d4 cxd4 4.Nxd4 Nf6 5.Nc3 d6 6.Bg5 e6 7.Qd2 a6 8.O-O-O Bd7
9.f4 b5 10.a3 Be7 11.Nf3 h6 12.Bh4 Qa5 13.e5 b4 14.axb4 Nxb4 15.Qe1 dxe5
16.Qxe5 Qa1+ 17.Nb1 Rc8 18.Bd3 O-O 19.Be1 Nfd5 20.Bxb4 Nxb4 21.Qe4 Nxd3+
22.Rxd3 Bc6 23.Qe3 Rb8 24.Rb3 Bd5 25.Rxb8 Rxb8 26.b3 Rc8 27.Nd4 Bc5 28.Rd1 f5
29.Qc3 Ba3+ 30.Kd2 Rxc3 31.Nxc3 Bc1+ 32.Rxc1 Qa5 33.Re1 Qb6 34.Nce2 Bxg2
35.c4 Be4 36.Ra1 Qb4+ 37.Nc3 Qd6 38.Ne2 g5 39.Rg1 Kf7 40.Rf1 gxf4 41.Kc3 e5  0-1

[Event "Debrecen"]
[Site "Debrecen"]
[Date "1998.02.26"]
[Round "10"]
[White "Dede, Erno"]
[Black "Menyhart, Tibor"]
[Result "1/2-1/2"]
[WhiteElo "2215"]
[BlackElo "2235"]

1.e4 c5 2.Nf3 Nc6 3.d4 cxd4 4.Nxd4 Nf6 5.Nc3 d6 6.Bg5 e6 7.Qd2 a6 8.O-O-O h6
9.Be3 Be7 10.f4 Nxd4 11.Bxd4 b5 12.Bd3 Bb7 13.Kb1 O-O 14.Rhe1 b4 15.Na4 Bc6
16.Nb6 Rb8 17.Nc4 Nxe4 18.Bxe4 Bxe4 19.Rxe4 d5 20.Re3  1/2-1/2

[Event "CZE-chT 9798"]
[Site "CZE"]
[Date "1998.03.07"]
[Round "8"]
[White "Antoniewski, Rafal"]
[Black "Manik, Mikulas"]
[Result "1/2-1/2"]
[WhiteElo "2435"]
[BlackElo "2460"]

1.e4 c5 2.Nf3 Nc6 3.d4 cxd4 4.Nxd4 Nf6 5.Nc3 d6 6.Bg5 e6 7.Qd2 a6 8.O-O-O h6
9.Be3 Bd7 10.f3 b5 11.g4 Ne5 12.a3 Qc7 13.h4 Rb8 14.Be2 Be7 15.g5 Nh5 16.gxh6 gxh6
17.Rdg1 b4 18.axb4 Nc4 19.Nd5 exd5 20.Qc3 Qb6 21.Bxc4 dxc4 22.Nc6 Qxe3+ 23.Qxe3 Bxc6
24.Qd4 Bf6 25.e5  1/2-1/2

[Event "Budapest FS03 IM"]
[Site "Budapest"]
[Date "1998.03.09"]
[Round "3"]
[White "Rodriguez Lopez, Rafael"]
[Black "Grabics, Monika"]
[Result "0-1"]
[WhiteElo "2285"]
[BlackElo "2345"]

1.e4 c5 2.Nf3 Nc6 3.d4 cxd4 4.Nxd4 Nf6 5.Nc3 d6 6.Bg5 e6 7.Qd2 a6 8.O-O-O h6
9.Be3 Bd7 10.f3 b5 11.Kb1 Ne5 12.Bd3 Qc7 13.Rhe1 b4 14.Nce2 d5 15.exd5 Nxd5
16.Nf4 Nxe3 17.Qxe3 Bd6 18.Qe4 Rd8 19.Nh5 Nxd3 20.Nxg7+ Kf8 21.Ngxe6+ Bxe6
22.Nxe6+ fxe6 23.Rxd3 Rc8 24.Re2 e5 25.Qf5+ Kg7 26.Qg4+ Kh7 27.Qf5+ Kg7 28.f4 Rhf8
29.Qe6 Rxf4 30.a4 Rd8 31.Rg3+ Kh8 32.Qxh6+ Qh7 33.Qe6 Rf1+ 34.Ka2 Qf7 35.Qxf7 Rxf7
36.Rg6 Kh7 37.Re6 Kg7 38.Kb3 Rf6 39.Rxf6 Kxf6 40.Kc4 Ke6 41.c3 Rc8+ 42.Kd3 bxc3
43.bxc3 Kd5  0-1

[Event "Belgrade (Women)"]
[Site "Belgrade"]
[Date "1998.03.10"]
[Round "7"]
[White "Bojkovic, Natasa"]
[Black "Prudnikova, Svetlana"]
[Result "1-0"]
[WhiteElo "2420"]
[BlackElo "2420"]

1.e4 c5 2.Nf3 Nc6 3.d4 cxd4 4.Nxd4 Nf6 5.Nc3 d6 6.Bg5 e6 7.Qd2 a6 8.O-O-O Bd7
9.f3 b5 10.Nxc6 Bxc6 11.Kb1 Rb8 12.h4 h6 13.Be3 a5 14.Bd3 h5 15.Ne2 e5 16.Bg5 Be7
17.Ng3 g6 18.f4 exf4 19.Bxf4 O-O 20.e5 Ne8 21.Rhf1 Rb7 22.exd6 Nxd6 23.Bh6 Ne8
24.Bxf8 Bxf8 25.Nxh5 Qxh4 26.Rh1 Qg4 27.Nf4 Bg7 28.Qe2 Qc8 29.Rhe1 Nf6 30.g4 b4
31.Ba6 Qc7 32.Bxb7 Bxb7 33.Qe5 Qc8 34.Qd6 Qxg4 35.Qd8+ Kh7 36.Qd4  1-0

[Event "Golden Cleopatra"]
[Site "Cairo"]
[Date "1998.03.13"]
[Round "3"]
[White "Goloshchapov, Alexander"]
[Black "Yasseen, Aly"]
[Result "1-0"]
[WhiteElo "2400"]
[BlackElo "2325"]

1.e4 c5 2.Nf3 d6 3.d4 cxd4 4.Nxd4 Nf6 5.Nc3 Nc6 6.Bg5 e6 7.Qd2 Be7 8.O-O-O O-O
9.f4 h6 10.Bh4 a6 11.Be2 Nxd4 12.Qxd4 Nxe4 13.Nxe4 Bxh4 14.Qxd6 Qxd6 15.Nxd6 b5
16.Bf3 Ra7 17.Rd3 b4 18.Rhd1 Rc7 19.a3 bxa3 20.Rxa3 Be7 21.Ra5 Rd8 22.Nxc8 Rdxc8
23.c3 Ra7 24.Be2 Rc6 25.Rd4 Bd6 26.Rda4 Bc7 27.Rxa6 Rcxa6 28.Bxa6 f5 29.Kc2 Kf7
30.Kd3 Bxf4 31.Rxf4 Rxa6 32.b4 g5 33.Rf2 Ke7 34.Kc4 Rc6+ 35.Kb3 f4 36.Re2 Kd6
37.c4 e5 38.c5+ Kd5 39.Rd2+ Ke6 40.Kc4 e4 41.b5 e3 42.Rd1 Rc8 43.b6 g4 44.Re1 Kd7
45.Kb5 Rf8 46.c6+ Kd6 47.Rd1+ Ke7 48.b7 f3 49.c7 e2 50.Re1 Kd7 51.b8=Q Rc8
52.gxf3 gxf3 53.Qb7  1-0

[Event "Szeged TT03 IM"]
[Site "Szeged"]
[Date "1998.03.22"]
[Round "4"]
[White "Dovzik, Juri"]
[Black "Farkas, Tibor"]
[Result "1-0"]
[WhiteElo "2375"]
[BlackElo "2340"]

1.e4 c5 2.Nf3 d6 3.d4 Nf6 4.Nc3 cxd4 5.Nxd4 Nc6 6.Bg5 e6 7.Qd2 a6 8.O-O-O Bd7
9.f4 h6 10.Bxf6 Qxf6 11.Nf3 Qd8 12.Kb1 Qc7 13.g4 O-O-O 14.h4 Be7 15.Rh3 Kb8
16.g5 Qa5 17.Rg3 hxg5 18.hxg5 g6 19.Bc4 Qc5 20.Bb3 Na5 21.Nd4 Rc8 22.Nce2 Rh2
23.Rc3 Qb6 24.Rxc8+ Bxc8 25.Qd3 Qc5 26.Qg3 Rh5 27.Nc3 e5 28.Nde2 Nxb3 29.axb3 exf4
30.Qxf4 Be6 31.Nd4 Qxg5 32.Nxe6 fxe6 33.Qf7 Qf6 34.Qe8+ Ka7 35.Rg1 Rg5 36.Rh1 Rh5
37.Rxh5 gxh5 38.Qxh5 Bd8 39.b4 Bb6 40.Qh3 Bd4 41.Ne2 Qf2 42.Qd3 Be5 43.c3 Qf1+
44.Ka2 Qf2 45.Nc1 Qf7 46.Nb3 Qd7 47.Ka3 Kb8 48.Qh3 Kc7 49.Nd2 Bf4 50.Nb3 Be5
51.Qg4 Qf7 52.Na5 d5 53.Nb3 Bd6 54.Nd4 dxe4 55.Nxe6+ Kb8 56.Qxe4 a5 57.Kb3 axb4
58.Qd5 Be7 59.cxb4 Qf2 60.Qe5+ Ka7 61.Qa5+ Kb8 62.Qc7+  1-0

[Event "Metz op"]
[Site "Metz"]
[Date "1998.04.07"]
[Round "3"]
[White "Bauer, Christian"]
[Black "Nezar, Mustapha"]
[Result "1-0"]
[WhiteElo "2520"]
[BlackElo "2255"]

1.e4 c5 2.Nf3 d6 3.d4 cxd4 4.Nxd4 Nf6 5.Nc3 Nc6 6.Bg5 e6 7.Qd2 Be7 8.O-O-O O-O
9.Nb3 a6 10.f3 b5 11.h4 b4 12.Na4 Rb8 13.Qf2 Qc7 14.Be3 Nd7 15.Kb1 Nce5 16.Nd2 Bb7
17.b3 Bc6 18.Nb2 Bb5 19.Be2 Rfc8 20.Rc1 Bxe2 21.Qxe2 Qb7 22.f4 Nc6 23.g4 Na7
24.Bxa7 Qxa7 25.Ndc4 Nc5 26.Rcd1 Qa8 27.Rhe1 Rd8 28.g5 Bf8 29.Nd3 Nxe4 30.Qxe4 d5
31.Qd4 dxc4 32.Qxc4 Rbc8 33.Qe4 Qxe4 34.Rxe4 Rd5 35.Rde1 a5 36.Re5 Rcd8 37.R1e4 Rxe5
38.Rxe5 Rd5 39.Rxd5 exd5 40.Kc1 g6 41.Kd2 Bg7 42.Ke3 Bc3 43.Ne5 Kf8 44.Nc6 Ke8
45.Nxa5 Kd7 46.Nb7 Kc7 47.Nc5 Kd6 48.Nd3 Ke6 49.Nc1 Be1 50.Kf3 Kd6 51.Kg4 Bc3
52.Ne2 Bd2 53.h5 Ke6 54.Nd4+ Kd6 55.f5 Be3 56.Nf3 Bf2 57.hxg6 fxg6 58.Kf4 gxf5
59.Kxf5 Ke7 60.Ke5 Kf7 61.Kxd5 Kg6 62.Ke4 Bg3 63.Ke3 Kf5 64.Nd4+ Kxg5 65.Kf3 Bd6
66.Nb5 Be7 67.c3 bxc3 68.Nxc3 Kf5 69.a4 Ke5  1-0

[Event "Metz op"]
[Site "Metz"]
[Date "1998.04.09"]
[Round "5"]
[White "Hamdouchi, Hichem"]
[Black "Kotronias, Vasilios"]
[Result "0-1"]
[WhiteElo "2535"]
[BlackElo "2570"]

1.e4 c5 2.Nf3 Nc6 3.d4 cxd4 4.Nxd4 Nf6 5.Nc3 d6 6.Bg5 e6 7.Qd2 Be7 8.O-O-O O-O
9.f4 Nxd4 10.Qxd4 Qa5 11.Bc4 Bd7 12.e5 dxe5 13.fxe5 Bc6 14.Bd2 Nd7 15.Nd5 Qd8
16.Nxe7+ Qxe7 17.Rhe1 Rac8 18.Bf1 a5 19.Kb1 b5 20.Qg4 Qc5 21.Bd3 Nxe5 22.Rxe5 Qxe5
23.Bxh7+ Kxh7 24.Bc3 Bf3 25.gxf3 Rxc3 26.bxc3 g6 27.Rd7 Kg7 28.Qd4 Qxd4 29.Rxd4 Rc8
30.Kb2 Rc5 31.c4 bxc4 32.Kc3 Rh5 33.h4 Rf5 34.f4 Rh5 35.Kxc4 Rxh4 36.Kc5 Rh2
37.c4 Rxa2 38.Kd6 Ra4 39.Kc5 Kf6 40.Kb5 Ra1 41.c5 Rc1 42.c6 e5 43.fxe5+ Kxe5
44.Rd2 f5 45.Kb6 f4 46.c7 f3 47.Rd8 g5 48.c8=Q Rxc8 49.Rxc8 g4 50.Kc5 g3
51.Re8+ Kf4 52.Kd4 g2  0-1

[Event "Vecernjakov GP"]
[Site "Sarajevo"]
[Date "1998.04.09"]
[Round "8"]
[White "Sax, Gyula"]
[Black "Kozul, Zdenko"]
[Result "1/2-1/2"]
[WhiteElo "2535"]
[BlackElo "2585"]

1.e4 c5 2.Nf3 Nc6 3.d4 cxd4 4.Nxd4 Nf6 5.Nc3 d6 6.Bg5 e6 7.Qd2 a6 8.O-O-O Bd7
9.f4 h6 10.Bh4 g5 11.fxg5 Ng4 12.Be2 Nge5 13.Nf3 Be7 14.Rhg1 b5 15.Rdf1 b4
16.Nd1 a5 17.Kb1 a4 18.Nxe5 Nxe5 19.Qxb4 hxg5 20.Bg3 Rb8 21.Qd4 O-O 22.Rh1 Qc7
23.h4 g4 24.Qd2 Bc6 25.Bd3  1/2-1/2

[Event "Dreifluesse op"]
[Site "Passau"]
[Date "1998.04.10"]
[Round "2"]
[White "Mueller, Matthias"]
[Black "Czap, Bernhard"]
[Result "1/2-1/2"]
[WhiteElo "2385"]
[BlackElo "2100"]

1.e4 c5 2.Nf3 Nc6 3.d4 cxd4 4.Nxd4 Nf6 5.Nc3 d6 6.Bg5 e6 7.Qd2 Be7 8.O-O-O Nxd4
9.Qxd4 O-O 10.f4 Qa5 11.Qd2 Rd8 12.Kb1 h6 13.h4 Nxe4 14.Nxe4 Qxd2 15.Rxd2 hxg5
16.hxg5 d5 17.Nc3 Bd7 18.g3 Bb4 19.Rdh2 Kf8 20.Nd1 Bc6 21.Bd3 Ke7 22.Rh7 Rg8
23.Nf2 d4 24.Be4 Rad8 25.Bxc6 bxc6 26.Kc1 Rd5 27.Kd1 Ba5 28.Ke2 e5 29.f5 e4
30.Rxg7 d3+ 31.cxd3 exd3+ 32.Nxd3 Re8 33.Rhh7 Kd6+ 34.Kf2 Rxd3 35.Rxf7 Bb6+
36.Kg2 Rd2+ 37.Kh3 Rxb2 38.g6 Bg1 39.Rd7+ Ke5 40.Rd1 Kxf5 41.Rxg1 Ree2 42.Rh1 Kxg6
43.Rxa7 Rxa2 44.Rxa2 Rxa2 45.Rc1 Ra6 46.Rc5 Rb6 47.Kh4 Ra6 48.g4 Rb6 49.Re5 Kf6
50.Re8 Rb1 51.Rf8+ Kg7 52.Rc8 Rc1 53.Kh5 c5 54.Kg5 c4 55.Rc7+ Kf8 56.Kf6 Ke8
57.g5 Kd8 58.Rc5 c3 59.g6 c2 60.g7 Rf1+ 61.Ke6 Re1+ 62.Kf6 Rf1+  1/2-1/2

[Event "Metz op"]
[Site "Metz"]
[Date "1998.04.13"]
[Round "9"]
[White "Palac, Mladen"]
[Black "Kotronias, Vasilios"]
[Result "1-0"]
[WhiteElo "2545"]
[BlackElo "2570"]

1.e4 c5 2.Nf3 Nc6 3.d4 cxd4 4.Nxd4 Nf6 5.Nc3 d6 6.Bg5 e6 7.Qd2 Be7 8.O-O-O O-O
9.f4 Nxd4 10.Qxd4 Qa5 11.Bc4 Bd7 12.e5 dxe5 13.fxe5 Bc6 14.Bd2 Nd7 15.Nd5 Qd8
16.Nxe7+ Qxe7 17.Rhe1 Rfc8 18.Kb1 a5 19.Qg4 Qb4 20.Bh6 Qf8 21.Re3 Kh8 22.Bf4 Ba4
23.Bb3 Bxb3 24.Rxb3 Nc5 25.Rb5 Rc6 26.Qf3 Qe8 27.Be3 Nd7 28.Qe4 Rac8 29.Rxb7 Nf8
30.c3 Rc4 31.Qf3 Kg8 32.Rd6 Ng6 33.Bd4 Nh4 34.Qd3 Nf5 35.Bb6 h5 36.Rdd7 a4
37.a3 Rg4 38.g3 Kh7 39.Ka2 Rb8 40.Rxf7 Rxb7 41.Rxb7 Qc6 42.Rb8 Re4 43.Bf2 Rxe5
44.Rb4 Qg2 45.Bb6 Qxh2 46.g4 hxg4 47.Bc7 Qe2 48.Qxe2 Rxe2 49.Rxg4 e5 50.Rxa4 e4
51.Rc4 e3 52.Re4 g5 53.a4 Rd2 54.a5  1-0

[Event "ARG-ch"]
[Site "Buenos Aires"]
[Date "1998.04.15"]
[Round "1"]
[White "Alonso, Salvador"]
[Black "Zarnicki, Pablo"]
[Result "1/2-1/2"]
[WhiteElo "2390"]
[BlackElo "2515"]

1.e4 c5 2.Nf3 d6 3.d4 cxd4 4.Nxd4 Nf6 5.Nc3 Nc6 6.Bg5 e6 7.Qd2 a6 8.O-O-O Nxd4
9.Qxd4 Be7 10.f4 b5 11.Bxf6 gxf6 12.f5 Qc7 13.Be2 Qc5 14.fxe6 fxe6 15.Qxc5 dxc5
16.Bh5+ Kf8 17.e5 f5 18.g4 b4 19.Ne2 Bg5+ 20.Kb1 Ke7 21.gxf5 exf5 22.Rhg1 Bh6
23.Bf3 Rb8 24.Rd6 Be6 25.Bd5 Bxd5 26.Rxh6 Rbg8 27.Rg3 Rg4 28.Rxg4 fxg4 29.Nf4 Be4
30.Re6+ Kd7 31.Rd6+ Ke7 32.Re6+ Kd7 33.Rd6+ Ke7 34.Re6+  1/2-1/2

[Event "GRE-chT"]
[Site "Poros"]
[Date "1998.04.22"]
[Round "4"]
[White "Agnos, Demetrios"]
[Black "Kotronias, Vasilios"]
[Result "1/2-1/2"]
[WhiteElo "2475"]
[BlackElo "2570"]

1.e4 c5 2.Nf3 Nc6 3.d4 cxd4 4.Nxd4 Nf6 5.Nc3 d6 6.Bg5 e6 7.Qd2 Be7 8.O-O-O O-O
9.f4 Nxd4 10.Qxd4 Qa5 11.Qd2 b6 12.Kb1 Bb7 13.Bd3 Rfd8 14.Qe2 h6 15.h4 Kf8
16.Nb5 Nxe4 17.Nc7 Qb4 18.Bxe4 Qxe4 19.Qxe4 Bxe4 20.Bxe7+ Kxe7 21.Nxa8 Rxa8
22.Rd2 h5 23.Re1 d5 24.b3 Kf6 25.Re3 g6 26.Kb2 Kf5 27.g3 Rc8 28.c3 f6 29.a4 Kg4
30.Rf2 Kf5 31.Rd2 Kg4  1/2-1/2

[Event "ARG-ch"]
[Site "Buenos Aires"]
[Date "1998.04.24"]
[Round "9"]
[White "Ginzburg, Maximiliano"]
[Black "Ricardi, Pablo"]
[Result "1-0"]
[WhiteElo "2470"]
[BlackElo "2555"]

1.e4 c5 2.Nf3 d6 3.d4 cxd4 4.Nxd4 Nf6 5.Nc3 Nc6 6.Bg5 e6 7.Qd2 Be7 8.O-O-O O-O
9.Nb3 a6 10.Bxf6 Bxf6 11.Qxd6 Bxc3 12.bxc3 Qf6 13.Qg3 b5 14.f4 Qe7 15.e5 Qa3+
16.Kb1 a5 17.Nd4 Ne7 18.Nxb5 Rb8 19.c4 Qc5 20.Kb2 Nc6 21.a4 Ba6 22.c3 Ne7
23.Qd3 Nf5 24.Rd2 Rfc8 25.Kb3 Bb7 26.h4 h5 27.Rh3 Qg1 28.Qe2 Qb6 29.Qxh5 Ne3
30.Rd7 g6 31.Rg3 Be4 32.f5 Bxf5 33.Qf3 Nxf1 34.Qxf1 Qc6 35.Rd4 Qc5 36.Qf4 Kg7
37.Re3 Rh8 38.Re1 Qe7 39.Red1 g5 40.hxg5 Rxb5+ 41.cxb5 Rc8 42.Rc1 Kg8 43.g4 Bg6
44.Kb2 Qb7 45.Rd2  1-0

[Event "Serbian-ch 29th"]
[Site "Sabac"]
[Date "1998.04.25"]
[Round "6"]
[White "Zontakh, Andrey"]
[Black "Vuckovic, Bojan"]
[Result "1-0"]
[WhiteElo "2545"]
[BlackElo "2320"]

1.e4 c5 2.Nf3 d6 3.d4 cxd4 4.Nxd4 Nf6 5.Nc3 Nc6 6.Bg5 e6 7.Qd2 a6 8.O-O-O h6
9.Be3 Nxd4 10.Qxd4 Qc7 11.f4 Be7 12.Be2 b5 13.Bf3 e5 14.fxe5 dxe5 15.Qb6 Qxb6
16.Bxb6 Bb7 17.Bc7 b4 18.Nd5 Bxd5 19.exd5 e4 20.d6 Bd8 21.Rhe1 Bxc7 22.Bxe4 Ra7
23.Bg6+ Kd8 24.dxc7+ Kc8 25.Re7 Rxc7 26.Rxf7 Rxf7 27.Bxf7 Kc7 28.Bc4 a5 29.Re1 Kd6
30.Re6+ Kc5 31.Bd3 Re8 32.Rxe8 Nxe8 33.Kd2 Nf6 34.c3 Nd5 35.cxb4+ Nxb4 36.a3 Nd5
37.Be4 Nf6 38.Bf3 Kc4 39.Kc2 g5 40.Be2+ Kc5 41.Kd3 h5 42.h3 Kd5 43.b4 axb4
44.axb4 g4 45.h4 Ke5 46.b5 Kf4 47.Kd4 Kg3 48.Ke5 Nd7+ 49.Kd6 Nb6 50.Kc6 Nc8
51.Kc7 Ne7 52.Bc4 Kxg2 53.Kd7 Ng6 54.Bd5+ Kf2 55.b6 Ne5+ 56.Kd6  1-0

[Event "Presidents Cup"]
[Site "Elista"]
[Date "1998.05.10"]
[Round "2.1"]
[White "Tiviakov, Sergei"]
[Black "Gelfand, Boris"]
[Result "1/2-1/2"]
[WhiteElo "2640"]
[BlackElo "2675"]

1.e4 c5 2.Nf3 d6 3.d4 cxd4 4.Nxd4 Nf6 5.Nc3 Nc6 6.Bg5 e6 7.Qd2 Be7 8.O-O-O Nxd4
9.Qxd4 a6 10.f4 b5 11.Bxf6 gxf6 12.f5 Qa5 13.Kb1 Bb7 14.Bd3 b4 15.Ne2 e5
16.Qf2 Qc5 17.Rhf1 Qxf2 18.Rxf2 Bd8 19.Ng3 Bb6 20.Re2 Rc8  1/2-1/2

[Event "Capablanca mem 33th Premier"]
[Site "Havana"]
[Date "1998.05.10"]
[Round "4"]
[White "De la Riva Aguado, Oscar"]
[Black "Abreu, Arian"]
[Result "0-1"]
[WhiteElo "2495"]
[BlackElo "2410"]

1.e4 c5 2.Nf3 d6 3.d4 cxd4 4.Nxd4 Nf6 5.Nc3 Nc6 6.Bg5 e6 7.Qd2 a6 8.O-O-O Bd7
9.f3 Be7 10.h4 Nxd4 11.Qxd4 b5 12.Kb1 Rb8 13.g4 b4 14.Ne2 Qa5 15.Nc1 O-O
16.Be3 e5 17.Qd2 Be6 18.g5 Nh5 19.Bh3 g6 20.Qg2 Bxh3 21.Qxh3 Qc7 22.Nd3 d5
23.exd5 Rfd8 24.Nf2 Rb5 25.d6 Bxd6 26.Qg4 Be7 27.Rxd8+ Qxd8 28.Qc4 Rd5 29.Qxa6 Ng3
30.Re1 Nf5 31.Bb6 Qb8 32.Ne4 Nxh4 33.Qc4 Qb7 34.Bc5 Qc6 35.b3 Rxc5 36.Nxc5 Nxf3
37.Rd1 Qxc5 38.Rd8+ Kg7 39.Qxc5 Bxc5 40.a4 bxa3  0-1

[Event "Budapest FS05 IM"]
[Site "Budapest"]
[Date "1998.05.11"]
[Round "10"]
[White "Yoos, John C"]
[Black "Toth, Andras"]
[Result "1-0"]
[WhiteElo "2365"]
[BlackElo "2325"]

1.e4 c5 2.Nf3 Nc6 3.d4 cxd4 4.Nxd4 Nf6 5.Nc3 d6 6.Bg5 e6 7.Qd2 a6 8.O-O-O h6
9.Be3 Bd7 10.f4 Qc7 11.Kb1 Be7 12.Bd3 b5 13.Nf3 b4 14.Ne2 Na5 15.Bd4 Nc4
16.Bxc4 Qxc4 17.Bxf6 gxf6 18.e5 d5 19.Ned4 f5 20.h3 Rg8 21.g4 fxg4 22.hxg4 Rxg4
23.Rxh6 O-O-O 24.Rh7 Rdg8 25.Rxf7 Bc5 26.b3 Qc3 27.Qe2 Bxd4 28.Qxa6+ Kd8
29.Nxd4 Rg1 30.Nxe6+ Ke8 31.Rf8+ Rxf8 32.Rxg1  1-0

[Event "CZE-ch (Women)"]
[Site "Klatovy"]
[Date "1998.05.13"]
[Round "6"]
[White "Hitzgerova, Gabriela"]
[Black "Blazkova, Petra"]
[Result "1-0"]
[WhiteElo "2170"]
[BlackElo "2255"]

1.e4 c5 2.Nf3 d6 3.d4 cxd4 4.Nxd4 Nf6 5.Nc3 Nc6 6.Bg5 e6 7.Qd2 a6 8.O-O-O Bd7
9.f4 h6 10.Bxf6 gxf6 11.Kb1 h5 12.g3 Qb6 13.Nb3 O-O-O 14.Na4 Qa7 15.Bg2 Kb8
16.c4 Nd4 17.Nxd4 e5 18.Nc3 exd4 19.Qxd4 Qxd4 20.Rxd4 f5 21.Rhd1 Bc6 22.R1d2 Bg7
23.e5 Bxg2 24.Rxg2 dxe5 25.Rxd8+ Rxd8 26.fxe5 Bxe5 27.Nd5 h4 28.gxh4 Rh8
29.Rf2 Rh5 30.h3 Bg3 31.Rf3 Bd6 32.Kc2 f4 33.Kd3 Rxh4 34.b4 f5 35.Kd4 Rh8
36.c5 Bc7 37.Nxc7 Kxc7 38.Ke5 Kc6 39.a3 Re8+ 40.Kxf5 a5 41.Kxf4 Kb5 42.bxa5 Kxc5
43.h4 Rf8+ 44.Kg4 Rg8+ 45.Kh3 Rg1 46.h5 Kd5 47.Kh2 Rc1 48.Rh3 Rc7 49.h6 Rh7
50.Kg3 Ke5 51.Kg4 Kf6 52.Kf4 Kf7 53.Ke5 Kg8 54.Rg3+ Kh8 55.Rg6 Rc7 56.a6 Rc5+
57.Kd4 Ra5 58.axb7 Rb5 59.Kc4 Rxb7 60.a4 Rb1 61.a5 Kh7 62.Rb6 Ra1 63.Kb5 Rb1+
64.Ka6 Ra1 65.Rc6 Rb1 66.Ka7 Rb5 67.a6  1-0

[Event "Budapest FS05 IM"]
[Site "Budapest"]
[Date "1998.05.14"]
[Round "13"]
[White "Karatorossian, David"]
[Black "Toth, Andras"]
[Result "1-0"]
[WhiteElo "2375"]
[BlackElo "2325"]

1.e4 c5 2.Nf3 Nc6 3.d4 cxd4 4.Nxd4 Nf6 5.Nc3 d6 6.Bg5 e6 7.Qd2 a6 8.O-O-O Bd7
9.f3 Qa5 10.Nb3 Qc7 11.Bf4 Ne5 12.Bg3 b5 13.Bd3 b4 14.Ne2 Nxd3+ 15.Qxd3 e5
16.Kb1 Bb5 17.Qe3 a5 18.c3 Qa7 19.Qxa7 Rxa7 20.Nbc1 Be7 21.cxb4 axb4 22.Be1 Rb7
23.Ng3 Bd7 24.Nd3 b3 25.a3 Be6 26.Nb4 Rb5 27.Bc3 Nd7 28.Nf5 Bxf5 29.exf5 Nb6
30.Rd3 d5 31.Bxe5 Bxb4 32.axb4 f6 33.Bd6 Kf7 34.Re1 Re8 35.Rxe8 Kxe8 36.Bc5 Na4
37.Rxd5 Nxc5 38.bxc5 Rb4 39.Rd3 Rb5 40.c6 Rc5 41.Rc3  1-0

[Event "Capablanca mem 33th Premier"]
[Site "Havana"]
[Date "1998.05.15"]
[Round "8"]
[White "Perez, Rodney"]
[Black "Siegel, Georg"]
[Result "1-0"]
[WhiteElo "2395"]
[BlackElo "2540"]

1.e4 c5 2.Nf3 d6 3.d4 Nf6 4.Nc3 cxd4 5.Nxd4 Nc6 6.Bg5 e6 7.Qd2 a6 8.O-O-O h6
9.Be3 Bd7 10.f3 Qc7 11.Kb1 Na5 12.Qf2 Nc4 13.Bxc4 Qxc4 14.g4 b5 15.h4 g6
16.Nb3 a5 17.e5 dxe5 18.Nd2 Qc7 19.Nde4 Nxe4 20.Nxe4 Be7 21.Bb6 Qb7 22.Bc5 Bc6
23.Bxe7 Qxe7 24.Qb6 Bxe4 25.Qxb5+ Kf8 26.fxe4 Kg7 27.Rd7 Rab8 28.Qxe5+ Qf6
29.Rxf7+  1-0

[Event "Garcia mem Premier"]
[Site "Santa Clara"]
[Date "1998.05.24"]
[Round "1"]
[White "Perez, Rodney"]
[Black "Garcia Ilundain, David"]
[Result "1/2-1/2"]
[WhiteElo "2395"]
[BlackElo "2495"]

1.e4 c5 2.Nf3 d6 3.d4 cxd4 4.Nxd4 Nf6 5.Nc3 Nc6 6.Bg5 e6 7.Qd2 a6 8.O-O-O Bd7
9.f4 b5 10.Bxf6 gxf6 11.f5 Nxd4 12.Qxd4 Bh6+ 13.Kb1 Bf4 14.Ne2 Be5 15.Qd3 Qb6
16.fxe6 fxe6 17.g3 a5 18.Bh3 a4 19.Nd4 Bxd4 20.Qxd4 Qxd4 21.Rxd4 Ke7 22.Rhd1 Ra6
23.a3 Rc8 24.Bf1 Rc5 25.Bd3 e5 26.Rb4 Ra7  1/2-1/2

[Event "Garcia mem Premier"]
[Site "Santa Clara"]
[Date "1998.05.26"]
[Round "3"]
[White "Herrera, Irisberto"]
[Black "Garcia Ilundain, David"]
[Result "1/2-1/2"]
[WhiteElo "2445"]
[BlackElo "2495"]

1.e4 c5 2.Nf3 d6 3.d4 cxd4 4.Nxd4 Nf6 5.Nc3 Nc6 6.Bg5 e6 7.Qd2 Be7 8.O-O-O O-O
9.f3 a6 10.h4 Nxd4 11.Qxd4 Qc7 12.Kb1 b5 13.g4 Rd8 14.h5 h6 15.Bh4 b4 16.Ne2 Bb7
17.Nc1 Rac8 18.Bd3 Qc5 19.Qxc5 dxc5 20.Bc4 Rd4 21.Rxd4 cxd4 22.b3 Kf8 23.Ne2 e5
24.Ng3 Ne8 25.Nf5  1/2-1/2

[Event "Szeged TT05 IM"]
[Site "Szeged"]
[Date "1998.05.28"]
[Round "8"]
[White "Papp, Laszlo"]
[Black "Seres, Lajos"]
[Result "1-0"]
[WhiteElo "2225"]
[BlackElo "2445"]

1.e4 c5 2.Nf3 Nc6 3.d4 cxd4 4.Nxd4 Nf6 5.Nc3 d6 6.Bg5 e6 7.Qd2 a6 8.O-O-O Bd7
9.f3 b5 10.Qe1 Nxd4 11.Rxd4 Rc8 12.Kb1 Be7 13.f4 Qb6 14.Qd2 Bc6 15.e5 dxe5
16.fxe5 Bc5 17.Rh4 Nd7 18.Bd3 Nxe5 19.Bxh7 Bf2 20.Ne4 Bxe4 21.Rxe4 Rxh7 22.Rxe5 f6
23.Re2 Bg3 24.Rd1 Qc6 25.hxg3 fxg5 26.Qxg5 Rh2 27.Rde1 Kf7 28.Rf1+ Kg8 29.Qg6 Rf8
30.Rfe1 Rxg2 31.Rxe6 Qc7 32.Re8 Rf2 33.Qe6+ Qf7 34.Rxf8+  1-0